| 000 | 00703nam a2200241 4500 | ||
|---|---|---|---|
| 010 | _aA-345969 | ||
| 020 | _c225.00 | ||
| 035 | _aA-345969 | ||
| 037 | _bCen Lib / Ret | ||
| 040 |
_aDPL _bEN |
||
| 082 |
_a351 _bMIS |
||
| 100 | _aMishra's, A. S. | ||
| 245 |
_aOfficer's companion in administration and law / _cby A. S. Mishra's [and] I. S. Mathur |
||
| 250 | _a3rd ed | ||
| 260 |
_aDelhi _bEastern Book Co _c1988 |
||
| 270 |
_aKashmere Gate _bDelhi _e110006 |
||
| 300 |
_alvii, 1116p _b27cm(hb) |
||
| 650 | _aCivil service -- India. | ||
| 650 | _aAdministrative law -- India. | ||
| 650 | _aAdministrative law. | ||
| 700 | _aMathur, I. S. | ||
| 942 |
_2ddc _cEN _h351 _mMIS |
||
| 999 |
_c136820 _d136820 |
||